Estudio para el abastecimiento de agua potable de la Mansion y Barra Honda de Nicoya

Kaydedildi:
Detaylı Bibliyografya
Yazar: Avalos Mora, Hugo Alfredo
Materyal Türü: Bilinmiyor
Baskı/Yayın Bilgisi: [San José, Costa Rica] 1981
Konular:
Etiketler: Etiketle
Etiket eklenmemiş, İlk siz ekleyin!

MARC

LEADER 00000 a2200000 4500
003 001403
005 20221231143743.0
008 140114s1981 cr a m 000 0 s d
040 |c cru CEDI 
090 |a TFG 1030 
100 |a Avalos Mora, Hugo Alfredo  |9 15884 
245 |a Estudio para el abastecimiento de agua potable de la Mansion y Barra Honda de Nicoya 
260 |c 1981  |a  [San José, Costa Rica] 
300 |a  144 hojas : ilustraciones ; 27 cm  
500 |a  Proyecto de graduación (ingeniero civil)-- Universidad de Costa Rica.  
650 |x SUMINISTRO DE AGUA - LA MANSION (NICOYA, GUANACASTE, COSTA RICA)   |x SUMINISTRO DE AGUA - BARRA HONDA (NICOYA, GUANACASTE, COSTA RICA)  |9 15885 
942 |c TFG 
999 |c 11290  |d 11290